000 00623nab a2200181 4500
001 244442
003 OSt
005 20231017133635.0
007 tu
008 200917s2020|||||||
040 _aDE-2950
_cDE-2950
245 0 0 _aFaeser meldet weitere Grenzkontrollen bei der EU an
_bMigration. Lange hat sich die Bundesinnenministerin gesträubt, stationäre Posten anzuordnen. Jetzt ist die Entscheidung gefallen/
_cAnne-Beatrice Clasmann
264 _c2023
653 _aFrankfurt (Oder)
653 _aGrenzkontrollen
773 0 _g34. Jahrgang (2023) Nr. 242 vom 17.10.2023, S. 1
_tMärkische Oderzeitung
942 _2z
_cA
999 _c372779
_d372779